=LDR 00000nam 2200000 4500 =001 INLIS000000000001040 =005 20130612085444 =008 ***********************************Ind** =035 ##$$0010-061300000001040 =041 ##$$a Ind =082 ##$$a 028.5 =090 ##$$a 028.5, Sma-b =100 ##$$a SMAS, Bung =245 ##$$a Bukan ayat setan, Kisah-kisah dalam Al-Qur'an, Bung Smas =260 ##$$a 1997 $b BAndung =300 ##$$a v, 26 hlm, ilus, 28 cm =650 ##$$a Bacaan Kanak-kanak =850 ##$$a NBPNMAT =990 ##$$a 0001/BPAP-NTB/20142015